Zajímavá matematika matematické povídky a hlavolamy

Bibliographic Details
Main Author: Pereľman, Jakov Isidorovič, 1882-1942 (Author)
Other Authors: Špinka, Vladimír (Translator), Stecker, Marcel, 1924-2011 (Illustrator)
Format: Book
Language:Czech
Russian
PhysicalDescription:150 s. ilustr. 13 x 20 cm
Published: Praha Mladá fronta 1971
Edition:3. vyd.
Series:Jak
Subjects:

MARC

LEADER 00000nam a2200000 a 4500
001 vtls001560734
003 SK-MaSNL
005 20260302073952.0
008 251031s1971 xr a g 000 0 cze
020 |q (viaz.) 
040 |a SNK  |b slo  |c SNK  |e AACR2 
041 1 |a cze  |h rus 
044 |a xr  |c CZ 
072 7 |a 51  |x Matematika  |2 konspekt 
080 |a 51  |2 2001 
080 |a 793.7  |2 2001 
080 |a (0.062)  |2 2001 
100 1 |a Pereľman, Jakov Isidorovič,  |d 1882-1942  |4 aut  |9 122976 
240 1 0 |a Živaja matematika  |l Česky 
245 1 0 |a Zajímavá matematika  |b matematické povídky a hlavolamy  |c J. I. Perelman ; [z ruského originálu přeložil Vladimír Špinka ; ilustroval Marcel Stecker] 
250 |a 3. vyd. 
260 |a Praha  |b Mladá fronta  |c 1971 
300 |a 150 s.  |b ilustr.  |c 13 x 20 cm 
366 |e 8000 výt. 
490 1 |a Jak  |v sv. 40 
504 |a Pozn. 
650 0 7 |a matematika  |2 SNKPH  |9 70174 
650 0 7 |a hlavolamy  |2 SNKPH  |9 3312 
655 7 |a populárno-náučné publikácie  |2 SNKPH  |9 70460 
700 1 |a Špinka, Vladimír  |4 trl  |9 63442 
700 1 |a Stecker, Marcel,  |d 1924-2011  |4 ill  |9 114372 
830 0 |a Jak  |9 302277 
958 |a OND 
999 |c 1163069  |d 1164999 
952 |a SNK  |b SNK  |y VYP  |7 0  |p 17A0475985  |o snkIE 4669  |i snkKIP 810/72  |0 0  |1 0  |4 0  |d 2008-05-27  |l 0  |r 2026-02-24 20:39:32  |w 2026-02-24 
952 |a SNK  |b SNK  |y VYP  |7 0  |p 17A0466633  |o snkIE 4669 D1  |i snkKIP 811/72  |0 0  |1 0  |4 0  |d 2005-04-19  |l 0  |r 2026-02-24 20:39:32  |w 2026-02-24